| 000 | 00469nam a2200169Ia 4500 | ||
|---|---|---|---|
| 008 | 221001s9999 xx 000 0 und d | ||
| 020 | _a978-9385891168 | ||
| 041 | _aeng | ||
| 082 | _a610 | ||
| 100 |
_aPRATICAL CUMMULATIVE RECORD BOOK FOR POST BSC NURSING PROGRAM _996239 |
||
| 245 | _aDR SANJAY PEERAPUR | ||
| 250 | _aFIRST | ||
| 260 |
_aHYDRABADED _bFRONTLINE PUBLICATION HYDERABAD _c2019 |
||
| 300 | _a47 | ||
| 500 | _aFON | ||
| 650 |
_aNURSING FOUNDATION _9181722 |
||
| 999 |
_c60659 _d60659 |
||